Comparative government and politics. (Record no. 768)

MARC details
000 -LEADER
fixed length control field 00515cam a2200193ua 4500
001 - CONTROL NUMBER
control field 844
005 - DATE AND TIME OF LATEST TRANSACTION
control field 20260515113231.0
008 - FIXED-LENGTH DATA ELEMENTS--GENERAL INFORMATION
fixed length control field 110421n ii |||gr||||Z||||||eng
040 ## - CATALOGING SOURCE
Transcribing agency MAIN
082 ## - DEWEY DECIMAL CLASSIFICATION NUMBER
Classification number 320.3
245 1# - TITLE STATEMENT
Title Comparative government and politics.
Statement of responsibility, etc. By S R Maheswari.
250 ## - EDITION STATEMENT
Edition statement 2nd.
260 ## - PUBLICATION, DISTRIBUTION, ETC.
Place of publication, distribution, etc. New Delhi.:
Name of publisher, distributor, etc. Educational publisher.,985.
300 ## - PHYSICAL DESCRIPTION
Extent x, 223 p.:
Dimensions 20 cm.
653 ## - INDEX TERM--UNCONTROLLED
Uncontrolled term Political science.
653 ## - INDEX TERM--UNCONTROLLED
Uncontrolled term Comparative government and politics.
700 ## - ADDED ENTRY--PERSONAL NAME
Personal name Maheswari, S R.,
942 ## - ADDED ENTRY ELEMENTS (KOHA)
Koha item type Books
Holdings
Withdrawn status Lost status Damaged status Not for loan Home library Current library Shelving location Date acquired Total checkouts Full call number Barcode Date last seen Copy number Price effective from Koha item type Date last checked out
        Naharkatiya College Library Naharkatiya College Library General stacks 09/19/2020   320.3 | MAH 476 09/19/2020 1 09/19/2020 Books  
        Naharkatiya College Library Naharkatiya College Library General stacks 09/19/2020 1 320.3 | MAH 478 03/17/2026 2 09/19/2020 Books 02/25/2026